00812cam a2200253 a 450000100100000000500170001000800410002702000150006804000230008308200180010610000430012424500460016726000300021330000200024349000210026365000280028465000310031283000290034391000340037291000070040604900090041395201210042299900150054300000805220200929154418.0920806s1995 sp 000 f spa d a8420646210 aDO-SdBNPcWaUdDLC a863.6bC392ca1 aCela, Camilo José,d1916-2002.9318810aCafé de artistas /cCamilo José Cela. aMadrid :bAlianza,c1995. a64 p. ;c16 cm.0 aAlianza cienv21 4aNovela española91123 4aLiteratura española9632 0aAlianza cien;v21912832 aCatalogación por copia / LC aWM aBNGR 001054708MOaGRbGRcHDd2009-09-14iLF1l0o863.6 C392cap8052-10r2020-06-25w2020-06-25y4ZPréstamo en sala c7829d7829